000 00603cam a2200205 4500500
005 20260405002345.0
041 _afre
042 _adc
100 1 0 _aPortevin, Catherine
_eauthor
245 0 0 _aDans la tête de Marine Le Pen
260 _c2017.
500 _a55
690 _aFN
690 _aFront National
690 _aJaurès
690 _aMarine Le Pen
690 _aMichel Eltchaninoff
786 0 _nPhilosophie magazine | 106 | 2 | 2017-02-01 | p. 41-41 | 1951-1787
856 4 1 _uhttps://shs.cairn.info/magazine-philosophie-magazine-2017-2-page-41?lang=fr&redirect-ssocas=7080
999 _c2056956
_d2056956